[Event "ARG-ch qual Amateur U2300"]
[Site "Pinamar"]
[Date "2016.08.28"]
[Round "6"]
[White "Falcon, Lucas"]
[Black "Renkine, Ivan"]
[Result "1-0"]
[WhiteElo "1795"]
[BlackElo "1787"]
[PlyCount "63"]
[EventDate "2016.08.26"]
[EventType "swiss"]
[EventRounds "6"]
[EventCountry "ARG"]
[SourceTitle "EXT 2024"]
[Source "ChessBase"]
[SourceDate "2023.10.10"]
[SourceVersion "1"]
[SourceVersionDate "2023.10.10"]
[SourceQuality "1"]

1. d4 d5 2. c4 c6 3. Nc3 f5 4. e3 Nf6 5. Bd3 e6 6. a3 Bd6 7. Nf3 Ne4 8. cxd5 exd5 9. Qc2 0-0 10. b4 a6 11. Bb2 Nd7 12. Na4 Ndf6 13. Ne5 g6 14. f3 Ng5 15. h4 Nf7 16. 0-0-0 Nh8 17. h5 Bxe5 18. dxe5 Nxh5 19. Rxh5 gxh5 20. Rh1 Qg5 21. f4 Qg3 22. Qe2 Qg4 23. Qf2 Ng6 24. Be2 Nxf4 25. exf4 Qg7 26. Rxh5 h6 27. e6 Qg6 28. Qh4 Qxe6 29. Rxh6 Qe3+ 30. Kb1 Qg1+ 31. Ka2 d4 32. Bc4+ 1-0